El Trabajo de la Metáfora : Identificación/

Guardado en:
Detalles Bibliográficos
Autor principal: Kristeva, Julia (autor)
Formato: Libro
Idioma:Español
Colección:(Psicoteca Mayor. Serie Freudiana)
Temas:
Etiquetas: Agrega una etiqueta
Sin etiquetas, Sé el primero en etiquetar este registro!

MARC

LEADER 00000nam^a2200000^a^4500
001 000072321
005 20250521000000.0
009 20260310091548.467
037 |a Acervo ITESO - Biblioteca 
041 |a ESP 
082 |a 150. 1957  |b KRI 
100 |a Kristeva, Julia  |e (autor) 
245 1 3 |a El Trabajo de la Metáfora :  |b Identificación/  |c Interpretación / J. Kristeva... [et al.] ; tr. por Margarita Mizraji. 
264 |a Barcelona, España :  |b Gedisa,  |c 1985 
300 |a 230 p. 
336 |a texto  |b txt  |2 rdacontenido 
337 |a sin mediación  |b n  |2 rdamedio 
338 |a volumen  |b nc  |2 rdasoporte 
440 1 |a (Psicoteca Mayor.  |p Serie Freudiana) 
500 |a Traducción de: Travail de la metáphore 
649 |a XX 
650 |a Psicoanálisis -  |x Teoría 
650 |a Psicoanálisis -  |x Teoría 
650 |a Psicoanálisis -  |x Teoría 
650 |a Psicoanálisis -  |x Teoría 
910 |a Fondo Armando Suárez Gómez 
920 |a Impresos - Libros 
930 |a Fondos Especiales 
905 |a 111 
901 |a 0700001977  |b IT2  |c ESP  |u 20250521 
902 |a https://opac.biblio.iteso.mx/vufind/Record/000072321